00679 2200253 4500001002100000005001500021035002000036245008000056100001800136250000600154300003000160700002300190260004600213082000800259084001400267020002200281600002000303990001700323990001700340990001700357990001700374990001700391990001700408INLIS00000000000162620231117090557 a0010-11230000141 aPerbuatan Baik Anak Indonesia /cPuput Catur A ; Editor, Febriani Meliawati0 aPuput Catur A a- a56 hlm :bilus. ;c25 cm.0 aFebriani Meliawati aSidoarjo :bMasmedia Buana Pustaka,c2021 a813 a813 PUP p a978-602-5787-30-0 4aFiksi Indonesia a05062/P/2023 a05063/P/2023 a05163/P/2023 a05062/P/2023 a05162/P/2023 a05163/P/2023